Podnikateľský plán vybraného podniku bakalárska práca

Saved in:
Bibliographic Details
Main Author: Prekopová, Michaela
Corporate Author: Fakulta podnikového manažmentu EU. Katedra manažmentu
Other Authors: Zagoršek, Branislav, 1984-
Format: Book
Language:Slovak
Published: Bratislava 2018
Tags: Add Tag
No Tags, Be the first to tag this record!

MARC

LEADER 00000nbm a2200000 4500
001 0244831
005 20180918144748.2
041 0 |a slo 
044 |a SK 
245 1 0 |a Podnikateľský plán vybraného podniku  |b bakalárska práca  |c Michaela Prekopová ; školiteľ: Branislav Zagoršek 
264 1 |a Bratislava  |c 2018 
300 |a 59 s. 
100 1 |a Prekopová, Michaela 
700 1 |a Zagoršek, Branislav, 1984- 
710 2 |a Fakulta podnikového manažmentu EU. Katedra manažmentu